NHL - Defensemen's 30 goals club - Statistics

General Stats
  • This quiz has been taken 2,599 times
  • The average score is 12 of 17
Answer Stats
Hint Answer % Correct
1974-75 46 Bobby Orr
95%
1970-71 37 Bobby Orr
95%
1971-72 37 Bobby Orr
95%
1969-70 33 Bobby Orr
95%
1973-74 32 Bobby Orr
95%
1985-86 48 Paul Coffey
85%
1983-84 40 Paul Coffey
85%
1984-85 37 Paul Coffey
85%
1988-89 30 Paul Coffey
85%
1983-84 31 Raymond Bourque
74%
1978-79 31 Denis Potvin
55%
1975-76 31 Denis Potvin
55%
1977-78 30 Denis Potvin
55%
2008-09 31 Mike Green
43%
1983-84 31 Phil Housley
32%
1981-82 39 Doug Wilson
19%
1992-93 34 Kevin Hatcher
15%
No matching quizzes found
Score Distribution
Percent of People with Each Score
Percentile by Number Answered
Your Score History
You have not taken this quiz